000
00340nam a2200145Ia 4500
008
150201s2006 xx 000 0 und d
082
_a
610
_b
A06S
100
_a
SRIVASTAVA , RAJIV
245
_a
ACCIDENT AND EMERGENCY SEVICES
250
_a
1ST
260
_b
AITBS
_a
DELHI
_c
2006
300
_a
1-130
650
_a
MEDICINE
942
_2
ddc
_c
BK
999
_c
1487
_d
1487